000 00985nam a2200265 a 4500
003 CO-ViMGA
005 20230915233128.0
008 150707s2015 ck a jr 0001j spa d
020 _a9789585910317
040 _aCO-ViMGA
_bspa
_cCO-ViMGA
043 _as-cl---
090 _aP LUNL
245 1 0 _aLuna con duendes
_bcanciones, arrullos y susurros para la hora de dormir
_cilustraciones, Sebastián Dufour ; música, Mariana Baggio ... [et al.]
250 _aEdicin̤ especial para El Ministerio de Cultura
260 _aBogot
_bBabel
_c2015
300 _a[28] pg̀inas
_bilustraciones
_c24 cm.
_e1 CD
490 _aLeer es mi cuento
650 1 4 _2LEMB
_aLiteratura infantil argentina
_ySiglo XX
_925714
650 1 4 _aCanciones de cuna
_2LEMB
_91631
650 1 4 _aCanciones infantiles
_2LEMB
_9614
650 1 4 _aPoesa̕ infantil argentina
_2LEMB
_ySiglo XX
_93248
700 1 0 _aBaggio, Mariana
_ems͠ico
_925717
700 1 0 _aDufour, Sebastiǹ
_eilustrador
_925716
942 _2ddc
_cBK
999 _c3969
_d3969